Gringo viejo = Old Gringo /
Gespeichert in:
| 1. Verfasser: | |
|---|---|
| Weitere Verfasser: | , , , , , , , , |
| Format: | |
| Sprache: | Englisch |
| Schlagworte: | |
| Tags: |
Keine Tags, Fügen Sie das erste Tag hinzu!
|
MARC
| LEADER | 00000ngm^a2200000^a^4500 | ||
|---|---|---|---|
| 001 | 000300669 | ||
| 005 | 20250521000000.0 | ||
| 009 | 20260310112521.258 | ||
| 037 | |a Acervo ITESO - Biblioteca | ||
| 041 | |a ING | ||
| 082 | |a 810. |b PUE | ||
| 100 | |a Puenzo, Luis |e (realización) | ||
| 240 | 1 | 1 | |a [Gringo viejo] |
| 240 | 1 | 1 | |a [Gringo viejo. Adaptaciones] |
| 245 | 1 | 0 | |a Gringo viejo = |b Old Gringo / |c Realización de L. Puenzo. |
| 264 | 2 | |a México : |b Sony Pictures [distribución], |c 2008, c2008 | |
| 300 | |a 1 DVD región 4 (120 min.) : |b color | ||
| 336 | |a imagen móvil bidimensional |b tdi |2 rdacontenido | ||
| 337 | |a video |b v |2 rdamedio | ||
| 338 | |a videodisco |b vd |2 rdasoporte | ||
| 500 | |a Basado en: Gringo viejo, de Carlos Fuentes | ||
| 546 | |a En inglés, con subtítulos opcionales: español, coreano, francés, inglés | ||
| 585 | |a Festival Internacional de Cine de Cannes (42º: 1989): Participante norteamericana relacionada con México, sección oficial fuera de concurso | ||
| 585 | |a Festival Internacional de Cine de Berlín (43º: 1993): Participante norteamericana relacionada con México, sección retrospectiva | ||
| 586 | |a Premio Nacional de Ciencias y Artes, categoría Lingüística y Literatura (35°: 1984): Adaptaciones de sus obras | ||
| 586 | |a Premio Miguel de Cervantes 1987: Adaptaciones de sus obras | ||
| 586 | |a Premio Príncipe de Asturias de las Letras 1994: Adaptaciones de sus obras | ||
| 649 | |a XX | ||
| 650 | |a Cineastas Argentinos | ||
| 650 | |a Escritores Norteamericanos - |x Biografías | ||
| 650 | |a Norteamericanos en México - |x Biografías | ||
| 650 | |a Películas Históricas | ||
| 650 | |a Dramas Cinematográficos | ||
| 650 | |a Cine Norteamericano - |y 1980-1989 | ||
| 650 | |a Cine Norteamericano - |y Siglo XX | ||
| 650 | |a Novela Mexicana - |x Adaptaciones para Cine | ||
| 650 | |a Literatura Mexicana - |y Siglo XX - |x Adaptaciones para Cine | ||
| 650 | |a Literatura y Cine | ||
| 650 | |a México en el Cine | ||
| 650 | |a México - |x Historia - |y Revolución, 1910-1917 | ||
| 650 | |a México - |x Historia - |y Siglo XX | ||
| 650 | |a Bierce, Ambrose - |x Tema Principal | ||
| 700 | |a Bortnik, Aída |e (guión) | ||
| 700 | |a Monti, Félix |e (fotógrafo) | ||
| 700 | |a Sabbatini, Enrico |e (vestuario) | ||
| 700 | |a Anderson, William M. |e (montaje) | ||
| 700 | |a Farr, Glenn |e (montaje) | ||
| 700 | |a Macías, Juan Carlos |e (montaje) | ||
| 700 | |a Fonda, Jane |e (actuación) | ||
| 700 | |a Peck, Gregory |e (actuación) | ||
| 700 | |a Smits, Jimmy |e (actuación) | ||
| 910 | |a Fondo General | ||
| 920 | |a Audiovisuales - DVDs | ||
| 940 | |a Películas | ||
| 905 | |a 302 | ||
| 901 | |a 0500198519 |b IT2 |c DVS |i C120971 |u 20250521 | ||
| 902 | |a https://opac.biblio.iteso.mx/vufind/Record/000300669 | ||